000 01219cam a22003014a 4500
001 13933885
005 20170105102841.0
008 050418s2005 coua b 001 0 eng
010 _a 2005011001
020 _a1588263614 (hardcover : alk. paper)
040 _aDLC
_cDLC
_dDLC
042 _apcc
050 0 0 _aHM554
_b.F37 2005
082 0 0 _a303.6/6
_222
100 1 _aFarrell, Theo,
_d1967-
245 1 4 _aThe norms of war :
_bcultural beliefs and modern conflict /
_cby Theo Farrell.
260 _aBoulder, Colo. :
_bL. Rienner Publishers,
_c2005.
300 _axii, 225 p. :
_bill. ;
_c24 cm.
504 _aIncludes bibliographical references and index.
505 0 _aThe norms of war -- The modern military -- Mass industrialised war -- Nuclear war -- Humanitarian war -- The changing culture of war.
650 0 _aWar and society.
650 0 _aWar and civilization.
650 0 _aConflict management.
856 4 1 _3Table of contents
_uhttp://www.loc.gov/catdir/toc/ecip0511/2005011001.html
906 _a7
_bcbc
_corignew
_d1
_eecip
_f20
_gy-gencatlg
942 _2ddc
_cBK
999 _c13859
_d13859